| 000 | 00634cam a22002171 4500 | ||
|---|---|---|---|
| 001 | sa 64003866 | ||
| 003 | DLC | ||
| 005 | 20260227112020.0 | ||
| 008 | 840427s1961 io f000 0 eng | ||
| 010 | _asa 64003866 | ||
| 035 | _a(OCoLC)21725898 | ||
| 040 |
_aDLC _cCU _dDLC |
||
| 042 | _apremarc | ||
| 043 | _aa-io--- | ||
| 050 | 0 | 0 |
_aHC447 _b.A539 |
| 110 | 1 |
_aIndonesia. _bDewan Perantjang Nasional. |
|
| 245 | 1 | 0 | _aBroad outlines of the National Overall Development Plan, 1961-1969. |
| 260 |
_a[Djakarta] _bSecretariat, National Planning Council _c[1961?] |
||
| 300 |
_a43 p. _c22 cm. |
||
| 651 | 0 |
_aIndonesia _xEconomic policy |
|
| 999 |
_c58159 _d58159 |
||